• 首页
  • 本馆介绍
  • 公告通知
  • 最新文献
  • 馆藏检索
  • 电子资源
  • 读者导购
  • 参考咨询
  • 我的图书馆
  • 登录
  • 详细信息显示
  • 放入我的书架
  • 预约/预借图书
  • 作者相关作品
  • 分类相关作品
  • 丛书相关作品
  • 出版社相关作品

书目信息

  • 表格格式
  • 工作单格式
  • 卡片格式
题名:
中华书局图书目录
    
 
作者: ;中华书局总编室 编
分册:  
出版信息: 北京   中华书局  1993
页数: 520页
开本: 20cm
丛书名:
单 册:
中图分类: Z852.6
科图分类:
主题词: 出版物--图书目录--中华书局--1949-1991 , 图书目录--出版物--中华书局--1949-1991 , 古籍--图书目录--中华书局--1949-1991
电子资源:
ISBN: 7-101-01168-3
000 00793nam0 2200241 45
001 TLS9401080
005 20061127150209.81
009 TLS9401080
010    @a7-101-01168-3@dCNY20.10
100    @a19940407d1993 em y0chiy0120 ea
101 0  @achi
102    @aCN@b110000
105    @ay ab 000yy
200 1  @a中华书局图书目录@AZhong Hua Shu Ju Tu Shu Mu Lu@e1949-1991@f中华书局总编室编@FZhong Hua Shu Ju Zong Bian Shi Bian
210    @a北京@c中华书局@d1993
215    @a520页@d20cm
606    @a出版物--图书目录@x中华书局@z1949-1991
606    @a图书目录--出版物@x中华书局@z1949-1991
606    @a古籍--图书目录@x中华书局@z1949-1991
690    @aZ852.6@v3
711 02 @a中华书局总编室@AZhong Hua Shu Ju Zong Bian Shi@4编
801  0 @aCN@bTSSF@c20061127
905    @a10447@dZ852.6@e53
    
    中华书局图书目录:1949-1991/中华书局总编室编.-北京:中华书局,1993
    520页;20cm
    
    
    ISBN 7-101-01168-3:CNY20.10
    
●
相关链接 在E读中查询图书 在五车中查询图书 在当当中查询图书 在豆瓣中查询图书


正题名:中华书局图书目录     索取号:Z852.6/53         预约/预借

序号 登录号 条形码 馆藏地/架位号 状态 备注
1 0256779   202125495   第二样本阅览室/ [索取号:Z852.6/53] 在馆    
唐山师范学院图书馆 欢迎您!
大连网信软件有限公司© 版权所有